000 01092nam a2200313 i 4500
001 12749
003 ES-MaACL
005 20230906150404.0
007 t|
008 870714s1986 sp d ||||0| spa j ..|
015 _a1988-ENE-1988-DIC-3769
016 7 _zSAB9000000964
020 _a84-7472-069-9
040 _aM-BN-DP
_bspa
_cM-BN-DP
080 _a33(038)
080 _a806.0-316.4=927
080 _a809.27-316.4=60
100 1 _aValderrama Martínez, Fernando.
_9112498
245 1 0 _aGlosario español-árabe y árabe-español de términos económicos, financieros y comerciales /
_cFernando Valderrama Martínez.
260 _aMadrid :
_bInstituto Hispano-Arabe de Cultura,
_c1986.
300 _aXVIII, 483 p ;
_c21 cm.
500 _aPort. adicional en árabe.
504 _aBibliografía.
650 1 4 _aEconomía-
_xDiccionarios.
_912008
650 1 4 _aLengua española-
_vDiccionarios-
_xArabe.
_914139
650 1 4 _aLengua árabe-
_vDiccionarios-
_xEspañol.
_914091
710 2 _aInstituto Hispano-Árabe de Cultura.
_9162165
852 _aES-MaACL
_jL-20112
_bR.116987
999 _c12749
_d12749